Principles of modern architecture (Record no. 4004)

MARC details
000 -LEADER
fixed length control field 00392nam a22001457a 4500
008 - FIXED-LENGTH DATA ELEMENTS--GENERAL INFORMATION
fixed length control field 250630b |||||||| |||| 00| 0 eng d
020 ## - INTERNATIONAL STANDARD BOOK NUMBER
ISBN 1901092240
100 ## - MAIN ENTRY--AUTHOR
Author Norberg-schulz Christian
245 ## - TITLE STATEMENT
Title Principles of modern architecture
260 ## - PUBLICATION, DISTRIBUTION, ETC. (IMPRINT)
Place of publication London
Name of publisher Andreas papadakis
300 ## - COLLATION
Pagination 136p.
Other physical details ill.
650 ## - TRACINGS
Main Subject modern movement (architecture)
942 ## - ADDED ENTRY ELEMENTS (KOHA)
Item type Books
050 ## - LIBRARY OF CONGRESS CALL NUMBER
Classification number NA682.M63
Item number .N67
Holdings
Source of classification or shelving scheme Not for loan Permanent location Current location Date acquired Accession No. Full call number Barcode. Koha item type
Library of Congress Classification   Samuel Ogbemudia Main Library, University of Abuja Samuel Ogbemudia Main Library, University of Abuja 06/30/2025 2025/64976-77 NA682.M63.N67 2025-2713 Books
Library of Congress Classification   Samuel Ogbemudia Main Library, University of Abuja Samuel Ogbemudia Main Library, University of Abuja 06/30/2025 2025/64976-77 NA682.M63.N67 2025-2714 Books